| 000 | 01760nam a22002297a 4500 | ||
|---|---|---|---|
| 999 |
_c5158 _d5158 |
||
| 003 | OSt | ||
| 005 | 20250806111357.0 | ||
| 008 | 250806b ||||| |||| 00| 0 eng d | ||
| 020 | _a9781292239194 | ||
| 040 | _cKH8 | ||
| 082 | _a330 HEW | ||
| 100 |
_aHewison, Alan, _eauthor. |
||
| 245 |
_aPearson Edexcel International AS / A Level Economics : _bStudent Book 1 / _cAlan Hewison and Tracey Joad. |
||
| 260 |
_aLondon ; _bPearson Education Limited , _c2018. |
||
| 300 |
_a320 pages : _bcolor illustrations ; _c28 cm. |
||
| 490 |
_aPearson Edexcel International AS / A Level Economics _vBook 1 |
||
| 520 | _aDeveloped for the new International A Level specification, these new resources are specifically designed for international students, with a strong focus on progression, recognition and transferable skills, allowing learning in a local context to a global standard. Recognised by universities worldwide and fully comparable to UK reformed GCE A levels. Supports a modular approach , in line with the specification. Appropriate international content puts learning in a real-world context, to a global standard , making it engaging and relevant for all learners. Reviewed by a language specialist to ensure materials are written in a clear and accessible style. The embedded transferable skills, needed for progression to higher education and employment, are signposted so students understand what skills they are developing and therefore go on to use these skills more effectively in the future. Exam practice provides opportunities to assess understanding and progress , so students can make the best progress they can. | ||
| 650 |
_aExam practice _vEconomics |
||
| 650 |
_aGuided book _vEconomics |
||
| 700 |
_aJoad, Tracey, _eauthor. |
||
| 942 |
_2ddc _cTR |
||